000 00752cam a2200253u 4500
999 _c174328
_d174328
001 10244309
003 Nust
005 20180726060612.0
008 830523s1951 enk 000 0 eng
010 _a 51028792
020 _a9780007282524
_cRs. 260
038 _aArshad
040 _aDLC
_cCarP
_dDLC
050 0 0 _aPZ3.C4637
_bTe2
_aPR6005.H66
082 0 0 _a823.912
_bCHR
100 1 _aChristie, Agatha,
_d1890-1976.
_92976
245 1 0 _aThey came to Baghdad.
260 _aLondon,
_bPublished for the Crime Club by Collins
_c1951
300 _a364 p.
_c19 cm.
651 0 _aBaghdad (Iraq)
_vFiction.
_911954
655 7 _aDetective and mystery stories.
_2gsafd
_92977
906 _a0
_bcbc
_cpremunv
_du
_encip
_f19
_gy-gencatlg
942 _2ddc
_cBK